000 01464nam a22001457a 4500
999 _c529436
_d529436
008 250320b ||||| |||| 00| 0 eng d
100 _aSalazar-Adams, Alejandro
_951435
245 _aThe influence of organisational and staff characteristics on local governments’ efficiency: The case of Mexican municipalities
260 _aLocal Government Studies
300 _a 50(2), Apr, 2024: p.287-306
520 _aAdministrative capacity depends on organisational and human factors that can enhance or diminish the performance of local governments. To analyse the effect of these factors, efficiency scores of municipal governments were calculated and regressed against organisational and staff characteristics, using double bootstrap data envelopment analysis, on a sample of 1470 Mexican municipalities. Of the variables related to staff characteristics, the proportion of employees with college education, and remunerations, have a positive and statistically significant effect on efficiency. Of the organisational characteristics of local governments, the number of computers per employee was the main variable explaining the efficiency of municipal governments.-Reproduced https://www.tandfonline.com/doi/full/10.1080/03003930.2023.2198218
650 _aDouble bootstrap data envelopment analysis, Local governments performance, Administrative capacity, Municipal services Human resources.
_951436
773 _aLocal Government Studies
942 _cAR